| 000 | 00514nam a2200157 a 4500 | ||
|---|---|---|---|
| 001 | 000004836 | ||
| 005 | 20200929151521.0 | ||
| 008 | 090727s2001 dr 000 0 spa d | ||
| 040 |
_aDO-SdBNP _bspa _cBNPHU |
||
| 100 | 1 |
_aFernández, Pedro Pablo _98492 |
|
| 245 | 1 | 0 |
_aFundamentos de penología : _bPedro Pablo Fernández. |
| 260 |
_aSanto Domingo : _bBúho, _c2001. |
||
| 300 |
_a410 p. ; _c22 cm. |
||
| 500 | _aIncluye referencias bibliográficas y notas al pie de las páginas | ||
| 504 | _aBibliografía: p. 393-397 | ||
| 999 |
_c4642 _d4642 |
||